Cities of California - Sudden Death - Statistics

General Stats
  • This quiz has been taken 35,148 times
    34,778 since last reset
  • The average score is 14 of 28
Answers on the Grid
Answers color-coded by a green-red scale on the quiz's grid according to % correct below.
Anaheim
Bakersfield
Charlotte
Chula Vista
Columbus
Corona
El Paso
Fontana
Fresno
Huntington Beach
Irvine
Las Cruces
Lexington
Long Beach
Los Angeles
Modesto
Moreno Valley
Oakland
Oceanside
Ontario
Oxnard
Palmdale
Pomona
Reno
Riverside
Rockford
Sacramento
San Antonio
San Diego
San Francisco
San Jose
Santa Ana
Santa Rosa
Sedona
Stockton
Sunnyvale
Tampa
Vacaville
Wilmington
Worcester
 
Answer Stats
Answer % Correct
Anaheim
81%
Los Angeles
78%
San Diego
76%
San Francisco
76%
Fresno
69%
Sacramento
69%
Bakersfield
68%
Long Beach
66%
Oakland
66%
San Jose
64%
Irvine
52%
Santa Ana
51%
Huntington Beach
49%
Riverside
49%
Chula Vista
47%
Santa Rosa
45%
Modesto
44%
Oceanside
40%
Stockton
39%
Corona
38%
Moreno Valley
38%
Pomona
38%
Palmdale
37%
Oxnard
35%
Fontana
32%
Sunnyvale
31%
Ontario
26%
Vacaville
25%
No matching quizzes found
Score Distribution
Percent of People with Each Score
Percentile by Number Answered
Your Score History
You have not taken this quiz since the last reset